<?xml version="1.0" encoding="UTF-8"?>
<collection xmlns="http://www.loc.gov/MARC21/slim">
<record>
  <controlfield tag="001">133039</controlfield>
  <controlfield tag="005">20240321134616.0</controlfield>
  <datafield tag="980" ind1=" " ind2=" ">
    <subfield code="a">REVISTAS</subfield>
    <subfield code="c">UNI</subfield>
  </datafield>
  <datafield tag="540" ind1=" " ind2=" ">
    <subfield code="9">info:eu-repo/semantics/openAccess $a Esta obra está sujeta a una licencia de uso Creative Commons. Se permite la reproducción total o parcial, la distribución, la comunicación pública de la obra y la creación de obras derivadas, siempre que no sea con finalidades comerciales, y sempre que se reconzca la autoria de la obra original.</subfield>
    <subfield code="u">https://creativecommons.org/licenses/by-nc/4.0/</subfield>
  </datafield>
  <datafield tag="710" ind1=" " ind2=" ">
    <subfield code="a">Universidad de Zaragoza</subfield>
  </datafield>
  <datafield tag="856" ind1="4" ind2=" ">
    <subfield code="s">160537858</subfield>
    <subfield code="u">http://zaguan.unizar.es/record/133039/files/1928_numero2.pdf</subfield>
    <subfield code="y">Texto completo (pdf)</subfield>
  </datafield>
  <datafield tag="909" ind1="C" ind2="O">
    <subfield code="o">oai:zaguan.unizar.es:133039</subfield>
    <subfield code="p">driver</subfield>
    <subfield code="p">revistas</subfield>
  </datafield>
  <datafield tag="245" ind1=" " ind2=" ">
    <subfield code="a">Universidad. Revista de cultura y vida universitaria, Año 5, N.2, (1928)</subfield>
  </datafield>
  <datafield tag="260" ind1=" " ind2=" ">
    <subfield code="a">Zaragoza</subfield>
    <subfield code="c">1928</subfield>
  </datafield>
  <datafield tag="520" ind1=" " ind2=" ">
    <subfield code="a">INDICE DE CONTENIDOS: PEDAGOGÍA  Lo histórico o el principio de unidad de la Historia, por Andrés Giménez Soler. p. 301  FILOSOFÍA Y LETRAS La unión de las Iglesias (comentarios a la Encíclica Mortalium animos), por Miguel Sancho Izquierdo. p. 317  DERECHO Antiguallas penales desenterradas del polvo de los archivos, redimidas del olvido y añadidas y remozadas ahora con glosas diversas, por Enrique de Benito. 351 El concepto y los principios fundamentales del Derecho de gentes, por Manuel de Lasala Llanas. p. 379  MEDICINA Divagaciones sobre, cáncer, por Ricardo Lozano Monzón. p. 407 Lo que debe la Puericultura a la mujer, por Gumersindo Sánchez Guisande. p. 423  CIENCIAS Un electrodo de H2 02, por José María Albareda y Herrera. p. 435 Variación de la densidad del alcohol propílico con la concentración a tres temperaturas, por Gonzalo González Salazar. p. 451 Elementos de la órbita de la Estrella Eclipsante RZ Cassiopeiae, por Francisco Sánchez Faba. p. 461  CRÓNICA La Pedagogía correccional, por José Guallart L. de Goicoechea. p. 483  VIDA UNIVERSITARIA Universidad de Salamanca: Segundo curso de la cátedra Francisco de Vitoria. p. 495 Universidad de Zaragoza: Curso de Conferencias de la Federación de Estudiantes Católicos. p. 498 Universidad de Granada: Facultad de Medicina. p. 502  BIBLIOGRAFÍA. p. 503 REVISTA DE REVISTAS. p. 525</subfield>
  </datafield>
  <datafield tag="041" ind1=" " ind2=" ">
    <subfield code="a">spa</subfield>
  </datafield>
  <datafield tag="538" ind1=" " ind2=" ">
    <subfield code="a">Texto completo. Available electronically via Internet</subfield>
  </datafield>
</record>
</collection>